Capitais dos Times da Copa do Mundo da FIFA de 2014 - Statistics

Estatísticas Gerais
  • Esse quiz foi jogado 6 149 vezes
  • A pontuação média é 19 de 32
Estatísticas das Respostas
Grupo País Capital % Correto
Grupo A Brasil Brasília
99%
Grupo F Argentina Buenos Aires
89%
Grupo G Alemanha Berlim
88%
Grupo B Espanha Madrid
85%
Grupo E França Paris
83%
Grupo G Portugal Lisboa
82%
Grupo D Itália Roma
80%
Grupo D Inglaterra Londres
79%
Grupo A México Cidade do México
78%
Grupo C Japão Tóquio
75%
Grupo D Uruguai Montevidéu
72%
Grupo G Estados Unidos Washington D.C.
72%
Grupo B Holanda Amsterdã
71%
Grupo B Chile Santiago
71%
Grupo C Colômbia Bogotá
68%
Grupo H Rússia Moscou
65%
Grupo H Bélgica Bruxelas
62%
Grupo H Coreia do Sul Seul
61%
Grupo A Croácia Zagreb
61%
Grupo B Austrália Camberra
57%
Grupo C Grécia Atenas
50%
Grupo E Equador Quito
48%
Grupo E Suíça Berna
47%
Grupo D Costa Rica San José
33%
Grupo F Bósnia & Herzegovina Sarajevo
32%
Grupo F Irã Teerã
32%
Grupo H Argélia Argel
27%
Grupo A Camarões Yaoundé
26%
Grupo F Nigéria Abuja
24%
Grupo G Gana Accra
22%
Grupo E Honduras Tegucigalpa
21%
Grupo C Costa do Marfim Yamoussoukro
16%
Nenhum quiz correspondente encontrado
Distribuição das Pontuações
Porcentagem de Pessoas com Cada Pontuação
Percentil de Números Respondidos
Sua Pontuação Histórica
Você não jogou esse quiz